Skeleton - Najlepsze Kraje na IO w XXI wieku - Statystyki

Ogólne statystyki
  • Ten quiz został rozwiązany 20 razy
  • Średni wynik to 9 z 10
Statystyki odpowiedzi
🥇 🥈 🥉 Kraj % Poprawnych
2x 1x 1x Kanada
100%
2x 6x 4x Niemcy
100%
2x 2x 1x Stany Zjednoczone
100%
1x 1x - Austria
95%
1x - 2x Szwajcaria
95%
1x 1x 2x Rosja
84%
1x - - Korea Południowa
79%
- 2x - Łotwa
79%
5x 1x 3x Wielka Brytania
74%
- 1x - Australia
47%
Nie znaleziono quizów pasujących do podanych kryteriów
Rozkład punktacji
Procent ludzi z każdym wynikiem
Percentyl według liczby udzielonych odpowiedzi
Twoja historia wyników
Nie rozwiązałeś tego quizu